00720nam a22002057a 4500999001900000005001700019010001100036020001000047035001100057037001400068082000800082100003500090245008100125246005900206260001900265270004800284300002000332942003000352952013200382 c169956d16995620191213161336.0 a806459 c10.00 a806459 bBPPD/Pub. a611 aخواجا رضوان احمد aمنافیعول اعضاء موصوویر /cخواجا رضوان احمد aManafiul Aza Musawwir (Urdu) /bby Khwaja Rizwan Ahmed aDelhic1946 ء aDarul Talifat Ajmal Road, Karol BaghbDelhi a567p.c20cm(Hb) 2ddccURh611m‏ر ض و 001040708NFICaLbLd2019-12-09eBPPD/Ven.g10.00l0o611 ‏ر ض وp806459r2019-12-09 00:00:00t1v10.00w2019-12-09yUR